000 004470000a22001810004500
003 LK-CoMWRAF
008 230817t ||||| |||| 00| 0 eng d
040 _aLK-CoMWRAF
_dLK-CoMWRAF
_eLK-CoMWRAF
041 _aeng
082 _a150
_bSAL
100 _aSalahudeen, Moulavi H.
245 _aSirunool Thokuppu(Collection of Small Boooks)
_b
260 _bShifa
_aKandy
_c
300 _ap.399
490 _aVolume Two
650 _aIslam
942 _cBK
999 _c794
_d794